000 00512nam a2200169Ia 4500
999 _c14785
_d14785
003 OSt
005 20201020123713.0
008 190216s9999||||xx |||||||||||||| ||und||
040 _cOclc
082 _a820
_bHUD/I
100 _aHudson, William Henry
_95328
245 3 _aAn Introduction To The Study Of Literature /
_cWilliam Henry Hudson
260 _bQuality Publishing Company ,
_c2008.
_aNew Delhi:
300 _a352p
650 _aEnglish
942 _cBK
_2ddc
_h820
_iHUD/I
_k820
_mHUD/I